000 01513cam a22003857a 4500
003 CHAP
005 20220329141829.0
008 971125d1997 mx a r 00110 spa d
010 _a74490
011 _a75462
035 _a85026
040 _cCHAP
090 _aTesis
100 0 0 _aSantiago Basilio, Joaquín.
_9102317
245 1 0 _aComportamiento de la vena negra de las crucíferas causadas por Xanthomonas campestris pv. campestris (Pams) Dows, en col, Brassica oleracea var. capitata L. ante la aplicación de la bacteria antagónica CAE-01, en invernadero, Chapingo, México, Méx.
260 _aChapingo, Méx. :
_bEl autor,
_c1997.
300 _a34 h. :
_bilus.
502 _aTesis (Ing. Agr. Esp. en Parasitología Agrícola) -- UACH. Departamento de Parasitología Agrícola
590 _aALEPH
_b10
_c20130110
_lUCH01
_h1419
590 _aBATCH-UPD
_b10
_c20130110
_lUCH01
_h0431
590 _aBATCH-UPD
_b10
_c20130110
_lUCH01
_h2208
590 _aBATCH-UPD
_b10
_c20130410
_lUCH01
_h0106
590 _aBATCH-UPD
_b10
_c20130914
_lUCH01
_h1000
590 _aCONVERSION
_b10
_c20130109
_lUCH01
_h1341
650 1 4 _aCol
_xEnfermedades.
_924485
650 1 4 _aCol
_xPlagas.
_924494
650 1 4 _aCol
_zMéxico (Edo.).
_924502
650 1 4 _aCultivos en invernadero.
_930376
650 1 4 _aXanthomonas campestris.
_9122885
901 _aBK
905 _aLilia Sánchez G.
942 _cFOLL
949 _bBC
_cTES
_d33724000638474
_eTS2
_fc.2
_h31694
_i85026
_si
949 _bBC
_cTES
_d850261
_eTS1
_h31693
_i85026
_sb
999 _c74490
_d74490